000 00697nam a22001817a 4500
999 _c12850
_d12850
003 AR-CdUCM
008 190410b ||||| |||| 00| 0 spa d
040 _aMUNICIPALIDAD PROVINCIAL DEL CUSCO
_cBIBLIOTECA MUNICIPAL DEL CUSCO
082 _aC / 398 /
_bM26
100 _aMartinez Gamarra, Issac
_930934
245 _aFolklore literario del sur Peruano :
_bestudio fundamental e interpretación sociológica de los cuentos autóctonos /
260 _aCerro de Pasco /
_bAndeamericana,
_c1975.
300 _a96 páginas ;
_c20 cm.
505 _aEl folklore -- Literatura y el folklore -- Recopilación de cuentos...
650 _aFolklore.
_91081
942 _2ddc
_cLIBROS
945 _awfj
_d2019-04-10